| 000 | 01121cam a2200289 4500 | ||
|---|---|---|---|
| 008 | 090401t2000 xxu||||| |||| 00| 0 eng d | ||
| 020 | _a0419205004 | ||
| 035 | _a(Sirsi) u97882 | ||
| 041 | _aeng | ||
| 050 | _a692.8 | ||
| 100 | _aTrickey, Geoffrey | ||
| 245 | 4 | _aThe presentation and settlement of contractors' claims. | |
| 250 | _a2nd edition | ||
| 260 |
_aLondon _bSpon Press _c2000 |
||
| 300 | _axix,485p. ; 25cm. | ||
| 350 | _a60.00 | ||
| 520 | _a The second edition of a work which providesa detailed and practical examination of contractor's claims. Based on the 1998 versions of the JCT contracts, GC/Works and the second edition of the New Engineering Contract | ||
| 650 | _aJCT STANDARD FORM OF BUILDING CONTRACT (1998 EDITION) | ||
| 650 | _aBUILT ENVIRONMENT-BUILDING CONTRACT FORMS | ||
| 650 | _aCONTRACT CLAIMS | ||
| 650 | _aBUILT ENVIRONMENT-BUILDING CONTRACT FORMS-STANDARD FORMS OF BUILDING CONTRACT-GC/WORKS CONTRACTS | ||
| 650 | _aNEW ENGINEERING CONTRACT | ||
| 690 | _aBUILT ENVIRONMENT-BUILDING CONTRACT FORMS | ||
| 700 | _aHackett, Mark | ||
| 942 | _n0 | ||
| 948 | _c04/03/1997 | ||
| 999 |
_c99016 _d99016 |
||